| 000 | 01428nam a2200313 a 4500 | ||
|---|---|---|---|
| 999 |
_c3624 _d3624 |
||
| 001 | 1018029 | ||
| 003 | Nust | ||
| 005 | 20170105101221.0 | ||
| 008 | 871013s1986 pk b 101 0 eng | ||
| 010 | _a 87930655 | ||
| 040 |
_aDLC _cDLC _dDLC |
||
| 043 |
_aa------ _af------ |
||
| 050 | 0 | 0 |
_aHB126.4 _b.D57 1986 |
| 245 | 0 | 0 |
_aDistributive justice and need fulfilment in an Islamic economy / _cedited by Munawar Iqbal. |
| 260 |
_aIslamabad : _bInternational Institute of Islamic Economics, International Islamic University, _c[1986] |
||
| 300 |
_a378 p. ; _c25 cm. |
||
| 500 | _a"Papers presented to the Second International Conference on Islamic Economics held at Islamabad during Mar. 19-23, 1983"--Pref. | ||
| 504 | _aIncludes bibliographical references. | ||
| 650 | 0 |
_aEconomics _zIslamic countries _xCongresses. |
|
| 650 | 0 |
_aDistributive justice _xReligious aspects _xIslam _xCongresses. |
|
| 650 | 0 |
_aIncome distribution _zIslamic countries _xCongresses. |
|
| 650 | 0 |
_aEconomics _xReligious aspects _xIslam _xCongresses. |
|
| 700 | 1 | _aIqbal, Munawar. | |
| 710 | 2 |
_aInternational Islamic University (Islāmābād, Pakistan). _bInternational Institute of Islamic Economics. |
|
| 711 | 2 |
_aInternational Conference on Islamic Economics _n(2nd : _d1983 : _cIslāmābād, Pakistan) |
|
| 906 |
_a7 _bcbc _corignew _d3 _encip _f19 _gy-gencatlg |
||
| 942 |
_2ddc _cBK |
||